<?xml version="1.0" encoding="UTF-8"?>
<record
    xmlns:xsi="http://www.w3.org/2001/XMLSchema-instance"
    xsi:schemaLocation="http://www.loc.gov/MARC21/slim http://www.loc.gov/standards/marcxml/schema/MARC21slim.xsd"
    xmlns="http://www.loc.gov/MARC21/slim">

  <leader>01144cam a2200241La 4500</leader>
  <controlfield tag="001">80691</controlfield>
  <controlfield tag="003">BD-RjUL</controlfield>
  <controlfield tag="005">20221102112849.0</controlfield>
  <controlfield tag="008">221102s1946    le            000 0 ara d</controlfield>
  <datafield tag="035" ind1=" " ind2=" ">
    <subfield code="a">(BD-RjUL)80691</subfield>
  </datafield>
  <datafield tag="040" ind1=" " ind2=" ">
    <subfield code="a">CUD</subfield>
    <subfield code="b">eng</subfield>
    <subfield code="c">CUD</subfield>
    <subfield code="d">OCLCQ</subfield>
    <subfield code="d">OCLCF</subfield>
    <subfield code="d">OCLCO</subfield>
    <subfield code="d">UkOxU</subfield>
  </datafield>
  <datafield tag="041" ind1=" " ind2=" ">
    <subfield code="a">ara</subfield>
  </datafield>
  <datafield tag="082" ind1=" " ind2=" ">
    <subfield code="2">23</subfield>
    <subfield code="a">340.59</subfield>
    <subfield code="b">MAF 1946</subfield>
  </datafield>
  <datafield tag="100" ind1="1" ind2=" ">
    <subfield code="a">&#x645;&#x62D;&#x645;&#x635;&#x627;&#x646;&#x64A;&#x60C; &#x635;&#x628;&#x62D;&#x64A; &#x631;&#x62C;&#x628;.  # # Ma&#x1E25;ma&#x1E63;&#x101;n&#x12B;, &#x1E62;ub&#x1E25;&#x12B; Rajab.</subfield>
    <subfield code="9">5669</subfield>
  </datafield>
  <datafield tag="245" ind1="1" ind2="0">
    <subfield code="a"> &#x641;&#x644;&#x633;&#x641;&#x629; &#x627;&#x644;&#x62A;&#x634;&#x631;&#x64A;&#x639; &#x641;&#x64A; &#x627;&#x644;&#x625;&#x633;&#x644;&#x627;&#x645; :&#x200F;   # # Falsafat &#x2BC;al-tashr&#x12B;&#x2BB; f&#x12B; &#x2BC;al-&#x2BC;Isl&#x101;m = The philosophy of Jurisprudence in Islam /</subfield>
    <subfield code="b">muqaddimah f&#x12B; dir&#x101;sat &#x2BC;al-shar&#x12B;&#x2BB;ah &#x2BC;al-&#x2BC;Isl&#x101;m&#x12B;yah &#x2BB;al&#xE1; &#x1E0D;aw&#x2BC; madh&#x101;hibih&#x101; &#x2BC;al-mukhtalifah wa-&#x1E0D;aw&#x2BC; &#x2BC;al-qaw&#x101;n&#x12B;n &#x2BC;al-&#x1E25;ad&#x12B;thah /</subfield>
    <subfield code="c">&#x62A;&#x623;&#x644;&#x64A;&#x641; &#x635;&#x628;&#x62D;&#x64A; &#x645;&#x62D;&#x645;&#x635;&#x627;&#x646;&#x64A;.# # ta&#x2BC;l&#x12B;f Sob&#x1E25;&#x12B; Ma&#x1E25;ma&#x1E63;s&#x101;n&#x12B;.</subfield>
  </datafield>
  <datafield tag="250" ind1=" " ind2=" ">
    <subfield code="a">2nd.ed.</subfield>
  </datafield>
  <datafield tag="260" ind1=" " ind2=" ">
    <subfield code="a">Bayr&#x16B;t :</subfield>
    <subfield code="b">Dar el kachhaf,</subfield>
    <subfield code="c">1952.</subfield>
  </datafield>
  <datafield tag="300" ind1=" " ind2=" ">
    <subfield code="a">286 p. ;</subfield>
    <subfield code="c">24 cm.</subfield>
  </datafield>
  <datafield tag="500" ind1=" " ind2=" ">
    <subfield code="a">Title on added t.p.: The philosophy of jurisprudence in Islam; Comparative study of the Islamic rites and modern legal systems.</subfield>
  </datafield>
  <datafield tag="650" ind1=" " ind2="0">
    <subfield code="a">Islamic law.</subfield>
  </datafield>
  <datafield tag="650" ind1=" " ind2="7">
    <subfield code="a">Islamic law.</subfield>
    <subfield code="2">fast</subfield>
  </datafield>
  <datafield tag="942" ind1=" " ind2=" ">
    <subfield code="2">ddc</subfield>
    <subfield code="c">BK</subfield>
  </datafield>
  <datafield tag="999" ind1=" " ind2=" ">
    <subfield code="c">80691</subfield>
    <subfield code="d">80691</subfield>
  </datafield>
  <datafield tag="952" ind1=" " ind2=" ">
    <subfield code="0">0</subfield>
    <subfield code="1">0</subfield>
    <subfield code="2">ddc</subfield>
    <subfield code="4">0</subfield>
    <subfield code="7">1</subfield>
    <subfield code="8">NFIC</subfield>
    <subfield code="a">RUCL</subfield>
    <subfield code="b">RUCL</subfield>
    <subfield code="d">2022-11-02</subfield>
    <subfield code="o">A 340.59 MAF 1952</subfield>
    <subfield code="r">2022-11-02 00:00:00</subfield>
    <subfield code="t">C-1</subfield>
    <subfield code="y">BK</subfield>
  </datafield>
</record>
